Οί άτιμοι : δράμα εις πράξεις τρείς

Saved in:
Bibliographic Details
Main Author: Rovetta, Gerolamo, 1854-1910
Other Authors: Λάσκαρης, Νικόλαος Ι. (Editor), Αννίνος, Χαράλαμπος, 1852-1934 (Translator)
Format: Book
Language:Greek
Italian
Published: Εν Αθήναις : Εκδοτικός οίκος Γεωργίου Φέξη, 1903.
Series:Θεατρική βιβλιοθήκη (Φέξης) 17
Subjects:
Tags: Add Tag
No Tags, Be the first to tag this record!

MARC

LEADER 00000cam a2200000 a 4500
001 1/115090
008 170929s1903####gr | ||| |||| ||gre||
040 |a GR-MyUa  |b gre  |c GR-MyUa  |e AACR2 
041 1 |a gre  |h ita 
082 7 |a 852  |2 (23) 
100 1 |a Rovetta, Gerolamo,   |d 1854-1910. 
245 1 3 |a Οί άτιμοι :   |b δράμα εις πράξεις τρείς /   |c G. Rovetta ; εκδιδόμενη επιμέλεια Νικολάου Ι. Λασκαράκη ; μετάφρασις Χ. Αννίνου.  
260 |a Εν Αθήναις :   |b Εκδοτικός οίκος Γεωργίου Φέξη,   |c 1903.  
300 |a 63 σ. ;   |c 21 εκ.  
490 1 |a (Θεατρική βιβλιοθήκη / Φέξης ;   |v 17)  
650 0 |a Italian drama. 
700 1 |a Λάσκαρης, Νικόλαος Ι.  |e edt 
700 1 |a Αννίνος, Χαράλαμπος,   |d 1852-1934,  |e trl 
830 0 |a Θεατρική βιβλιοθήκη (Φέξης)  |v 17 
852 |a INST  |b SAMOS  |e 20170929  |h 852 ROV  |p 005300044798  |q 005300044798  |t BK  |y 23 
970 |a Φιλιππή  |b Φάλη  |z 29-09-2017